000 00444nam a2200145Ia 4500
008 100204s9999 xx 000 0 und d
082 _b2814
100 _aमुसळे गोविंद
245 _aउंच माणसे
260 _b"श्री विशाखा प्रकाशन, पुणे"
_c1980
300 _a196
630 _aउंच माणसे
730 _aउंच माणसे
942 _cBOOK
999 _c447836
_d447833